Bologna FC Squad 2023-2024 - Statistics

General Stats
  • This quiz has been taken 184 times
    145 since last reset
  • The average score is 21 of 30
Answer Stats
# Position Nation Player % Correct
9 FW Netherlands Joshua Zirkzee
95%
28 GK Poland Łukasz Skorupski
91%
3 DF Austria Stefan Posch
91%
7 FW Italy Riccardo Orsolini
90%
- Coach Italy Thiago Motta
89%
19 MF Scotland Lewis Ferguson
88%
8 MF Switzerland Remo Freuler
87%
11 FW Switzerland Dan Ndoye
83%
33 DF Italy Riccardo Calafiori
83%
26 DF Colombia Jhon Lucumí
82%
31 DF Netherlands Sam Beukema
81%
20 MF Switzerland Michel Aebischer
79%
6 MF Croatia Nikola Moro
79%
56 FW Belgium Alexis Saelemaekers
75%
22 DF Greece Charalampos Lykogiannis
73%
10 FW Sweden Jesper Karlsson
73%
29 DF Italy Lorenzo De Silvestri
70%
80 MF Italy Giovanni Fabbian
68%
34 GK Italy Federico Ravaglia
67%
21 FW Denmark Jens Odgaard
67%
82 MF Poland Kacper Urbański
67%
18 FW Argentina Santiago Castro
66%
17 MF Morocco Oussama El Azzouzi
64%
15 DF Denmark Victor Kristiansen
60%
5 DF France Adama Soumaoro
54%
14 DF Italy Kevin Bonifazi
40%
16 DF Italy Tommaso Corazza
36%
23 GK Italy Nicola Bagnolini
31%
4 DF Serbia Mihajlo Ilić
30%
77 FW Netherlands Sydney van Hooijdonk
28%
No matching quizzes found
Score Distribution
Percent of People with Each Score
Percentile by Number Answered
Your Score History
You have not taken this quiz since the last reset